000
00236 a2200097 4500
001
41656
100
_a
Haheshaw S
245
_a
Interesting things to do in seminars No.53
260
_a
_b
Whitch wall printing
_c
090
_c
25792
_d
25792
942
_a
NUST-CAE
_c
M
_c
17549
999
_c
276729
_d
276729